Teachers Guide for Rocket (Record no. 2402)

MARC details
000 -LEADER
fixed length control field 00310nam a22001097a 4500
008 - FIXED-LENGTH DATA ELEMENTS--GENERAL INFORMATION
fixed length control field 160713b xxu||||| |||| 00| 0 eng d
100 ## - MAIN ENTRY--PERSONAL NAME
9 (RLIN) 2784
Personal name Teachers Guide for Rocket
245 ## - TITLE STATEMENT
Title Teachers Guide for Rocket
260 ## - PUBLICATION, DISTRIBUTION, ETC. (IMPRINT)
Place of publication, distribution, etc. Boston
Name of publisher, distributor, etc. Houghton Mifflin
Date of publication, distribution, etc. 1979
300 ## - PHYSICAL DESCRIPTION
Extent Teachers Guide for Rocket
942 ## - ADDED ENTRY ELEMENTS (KOHA)
Source of classification or shelving scheme Dewey Decimal Classification
Koha item type BOOK
Holdings
Withdrawn status Lost status Source of classification or shelving scheme Damaged status Not for loan Home library Current library Shelving location Date acquired Total Checkouts Full call number Barcode Date last seen Price effective from Koha item type
    Dewey Decimal Classification     Good Samaritan School Library Good Samaritan School Library   07/13/2016   370 DUR4006 07/13/2016 07/13/2016 BOOK

Powered by Koha